000 01148nam a22003497a 4500
003 CHAP
005 20220817041805.0
008 971013s1971 r 00010 d
010 _a24576
011 _a25548
035 _a29648
040 _cCHAP
090 _aFolleto 3499
110 _aComité Mixto FAO/OMS de Expertos en Aditivos Alimentarios
_925891
245 _aExamen de la eficancia tecnológica de algunos agentes antimicrobianos
260 _aRoma :
_bFAO,
_c1971
300 _a59 p.
490 _aFAO. Reuniones sobre nutrición
_v; 48C
590 _aBATCH-UPD
_b10
_c20130110
_lUCH01
_h1444
590 _aBATCH-UPD
_b10
_c20130410
_lUCH01
_h0914
590 _aBATCH-UPD
_b10
_c20130913
_lUCH01
_h2010
590 _aCONVERSION
_b10
_c20130109
_lUCH01
_h1314
650 1 4 _aAditivos alimenticios.
_9907
650 1 4 _aAlimentos
_xBacteriología.
_94171
650 1 4 _aAlimentos
_xConservación.
_94179
710 0 _aFAO.
710 0 _aOrganización Mundial de la Salud.
_983555
830 0 _aFAO. Reuniones sobre nutrición
_v; 48C
_939679
901 _aBK
942 _cFOLL
949 _aFolleto 3499
_bBC
_cFAO
_d-68601
_eFAO1
_i29648
_si
999 _c24576
_d24576